00321nam a2200121Ia 4500008004100000082001700041100001800058245006100076250000800137260002600145300001000171650001800181150201s2005 xx 000 0 und d a617.41bC05S aSMITH , MANDY aCASH,S TB. OF CARDIOVASCULAR / RESPIRATORY PHYSIOTHERAPY a1ST bELSEVIERaINDIAc2005 a1-338 aPHYSIOTHERAPY